01729nam a22002297a 4500003000500000005001700005008004100022020001800063041001200081082001700093100001900110245007400129260004200203300001900245505047800264520052800742650004101270650003801311942001501349999001701364952011801381CUTN20250610161013.0250610b |||||||| |||| 00| 0 eng d a9781774072998 aEnglish a364.072bMAR aNikolic Marko  aResearch methods in Criminal Justice and Criminology /cMarko Nikolic aCanada :bSociety Publishing ,c2020. a243p. :bill ; aChapter 1: Criminal Justice: A Global Perspective Chapter 2: Introduction to Criminology Chapter 3: Ethics And Criminal Justice Research Chapter 4: Perceptual Dimensions Of Crime Chapter 5: Analyzing The Data And Writing Up Criminology Research Chapter 6: Measuring Crime Chapter 7: Prevention Of Crime Chapter 8: Ethical Issues In Social and Behavioral Science Research Chapter 9: Evidence Of Crime And Its Analysis Chapter 10: Evaluation of Crime And Criminology Research a The book highlights the critical role of ethics in criminal justice research, explores the perceptual dimensions of crime, and delves into how data is analyzed and utilized in criminological studies. It also discusses various methods of measuring crime, the importance of crime prevention, and the ethical issues inherent in social and behavioral science research. A significant part of the book is dedicated to explaining how evidence of crime is analyzed and how the evaluation of crime is used in criminology research.  aCriminology—Research—Methodology aCriminology—Statistical methods 2ddccBOOKS c44692d44692 00102ddc40708NFICaCUTNbCUTNc300d2025-06-10l0o364.072 MARp51167r2025-06-10 16:10:53w2025-06-10yBOOKS